PAU recommends hill soil treatment; (Record no. 84480)

MARC details
000 -LEADER
fixed length control field 00891cam a22002531 4500
001 - CONTROL NUMBER
control field sa 68012356
003 - CONTROL NUMBER IDENTIFIER
control field DLC
005 - DATE AND TIME OF LATEST TRANSACTION
control field 20260227112609.0
008 - FIXED-LENGTH DATA ELEMENTS--GENERAL INFORMATION
fixed length control field 711115s1966 ii a 100 0 eng
010 ## - LIBRARY OF CONGRESS CONTROL NUMBER
LC control number sa 68012356
025 ## - OVERSEAS ACQUISITION NUMBER
Overseas acquisition number PL480:I-E-7652
040 ## - CATALOGING SOURCE
Original cataloging agency DLC
Transcribing agency DLC
Modifying agency DLC
043 ## - GEOGRAPHIC AREA CODE
Geographic area code a-ii---
050 00 - LIBRARY OF CONGRESS CALL NUMBER
Classification number S633.5.I4
Item number F46 1965
111 2# - MAIN ENTRY--MEETING NAME
Meeting name or jurisdiction name as entry element Fertilizer Workshop on Hilly Areas of Punjab & Himachal,
Location of meeting Palampur,
Date of meeting or treaty signing 1965.
245 10 - TITLE STATEMENT
Title PAU recommends hill soil treatment;
Remainder of title proceedings of the Fertilizer Workshop on Hilly Areas of Punjab & Himachal at Palampur on August 26 & 27, 1965.
Statement of responsibility, etc. [Edited by Ravinder Kumar Sethi.
260 ## - PUBLICATION, DISTRIBUTION, ETC.
Place of publication, distribution, etc. Ludhiana]
Name of publisher, distributor, etc. Punjab Agricultural University
Date of publication, distribution, etc. [1966]
300 ## - PHYSICAL DESCRIPTION
Extent 23 p.
Other physical details illus.
Dimensions 23 cm.
350 ## - PRICE (NR) (BK AM CF MU VM SE) [OBSOLETE]
Price Re0.50
500 ## - GENERAL NOTE
General note Cover title.
650 #0 - SUBJECT ADDED ENTRY--TOPICAL TERM
Topical term or geographic name entry element Fertilizers
Geographic subdivision India.
650 #0 - SUBJECT ADDED ENTRY--TOPICAL TERM
Topical term or geographic name entry element Hill farming
Geographic subdivision India.
700 1# - ADDED ENTRY--PERSONAL NAME
Personal name Sethi, Ravinder Kumar,
Relator term ed.

No items available.

Powered by Koha